000 00352cam a2200145ua 4500
041 _aeng
_h
082 _a828.09
_bHOL/SH
100 _aHolmes , Martin .
245 _aShakespeare`s public /
_cMartin Holmes.
_hTextual Documents
260 _aLondon :
_bJohn Murray ,
_c1964.
300 _a237 ; .
504 _a
942 _cBK
999 _c6271
_d6271